[Event "9 Torneo "Citta' di Morrovalle""]
[Site "?"]
[Date "2019.08.12"]
[Round "4"]
[White "Calavalle, Giulio"]
[Black "Bruno, Fabio"]
[Result "1-0"]
[WhiteElo "2231"]
[BlackElo "2440"]
[PlyCount "115"]
[EventDate "2019.06.03"]

1. e4 c5 2. Nc3 Nc6 3. g3 g6 4. Bg2 Bg7 5. d3 d6 6. Be3 e5 7. Nge2 Nge7 8. O-O
O-O 9. f4 Nd4 10. fxe5 dxe5 11. Qd2 Be6 12. Nd1 Qd7 13. c3 Nxe2+ 14. Qxe2 b6
15. Nf2 Rfd8 16. Rfd1 Nc6 17. Bf3 h5 18. Kg2 Qe7 19. h4 Rd6 20. Rh1 Rad8 21. b3
Qd7 22. Rag1 a5 23. Qc2 Ne7 24. Be2 Kf8 25. Rf1 Ng8 26. Qc1 a4 27. Qc2 axb3 28.
axb3 Bh6 29. Qc1 Bxe3 30. Qxe3 Kg7 31. g4 Bxg4 32. Nxg4 hxg4 33. Qg3 Qe7 34.
Qxg4 b5 35. Qg3 Ra8 36. Rf2 Ra2 37. Qe3 Rf6 38. Rxf6 Nxf6 39. Kg3 Nh7 40. Rf1
b4 41. cxb4 cxb4 42. d4 exd4 43. Qxd4+ Kg8 44. Bc4 Qc7+ 45. e5 Rc2 46. Bxf7+
Kh8 47. Bxg6 Qc3+ 48. Qxc3 Rxc3+ 49. Rf3 Nf8 50. Bf5 Kg7 51. Kf4 Rc1 52. Ke4
Kf7 53. h5 Ke7 54. h6 Re1+ 55. Re3 Rh1 56. Rh3 Re1+ 57. Kd4 Rf1 58. h7 1-0